|
|
|
|
| LEADER |
01390nam a2200385 a 4500 |
| 001 |
EBC3330718 |
| 003 |
MiAaPQ |
| 005 |
20200520144314.0 |
| 006 |
m o d | |
| 007 |
cr cn||||||||| |
| 008 |
041108s2004 quca sb 001 0 eng |
| 010 |
|
|
|z 2004478086
|
| 020 |
|
|
|z 0773526072 (hbk.)
|
| 035 |
|
|
|a (MiAaPQ)EBC3330718
|
| 035 |
|
|
|a (Au-PeEL)EBL3330718
|
| 035 |
|
|
|a (CaPaEBR)ebr10132901
|
| 035 |
|
|
|a (OCoLC)929120930
|
| 040 |
|
|
|a MiAaPQ
|c MiAaPQ
|d MiAaPQ
|
| 050 |
|
4 |
|a HE305
|b .B86 2004
|
| 082 |
0 |
4 |
|a 388.4
|2 22
|
| 100 |
1 |
|
|a Bunting, Mark,
|d 1948-
|
| 245 |
1 |
0 |
|a Making public transport work
|h [electronic resource] /
|c Mark Bunting.
|
| 260 |
|
|
|a Montreal ;
|a Ithaca :
|b McGill-Queen's University Press,
|c c2004.
|
| 300 |
|
|
|a ix, 161 p. :
|b ill.
|
| 504 |
|
|
|a Includes bibliographical references (p. [157]-158) and index.
|
| 533 |
|
|
|a Electronic reproduction. Ann Arbor, MI : ProQuest, 2015. Available via World Wide Web. Access may be limited to ProQuest affiliated libraries.
|
| 650 |
|
0 |
|a Urban transportation.
|
| 650 |
|
0 |
|a Local transit.
|
| 650 |
|
0 |
|a Local transit
|x Planning.
|
| 650 |
|
6 |
|a Transports urbains.
|
| 650 |
|
6 |
|a Transports publics.
|
| 650 |
|
6 |
|a Transports publics
|x Planification.
|
| 655 |
|
4 |
|a Electronic books.
|
| 710 |
2 |
|
|a ProQuest (Firm)
|
| 856 |
4 |
0 |
|u https://ebookcentral.proquest.com/lib/matrademy/detail.action?docID=3330718
|z Click to View
|